| 000 | 01157nam a22001577a 4500 | ||
|---|---|---|---|
| 080 | _a349.6 ( 866) Er 188 | ||
| 100 |
_4aut _aErazo Andrade, Ivonne |
||
| 245 |
_aAdjudicacion de tierras ancestrales y el Sumak kawsay: _bUn analisis historico juridico de los derechos Colectivos de Ecuador |
||
| 300 | _a149 P. | ||
| 500 | _aDirector de tesis: | ||
| 502 | _aTesis (Doctoral)--Universidad Nacional de Mar del Plata. Facultad de Derecho. Departamento de Posgrado . 2025 | ||
| 504 | _aTiene Referencias Bibliograficas: P. 126 a 139 | ||
| 650 |
_2IEDCYT _aSumak kawsay _aBuen Vivir _atierras ancestrales _apropiedad ancestral _aderechos colectivos _aEcuador _apluralismo juridico _acasos emblematicos _ainstrumentos internacionales _ajurisprudencia internacional _xreformas Borbonicas _xReforma Agraria 1964 _xreforma Agraria 1973 _xcomunidades indigenas _xderechos de la naturaleza _xConstitucion de 1979 _xConstitucion de 1998 _xConstitucion 2008 _xConvenio 169 de la OIT _xderechos de los pueblos indigenas _xdesplazamientos forzados _xresolucion de conflictos territoriales _xsoberania alimentaria _xcambio climatico _xglobalizacion |
||
| 945 |
_acd _d2026-02-25 |
||
| 999 |
_c5538 _d236042 |
||